Cinéma et magie (notice n° 1925839)

détails MARC
000 -LEADER
fixed length control field 01654cam a2200133 4500500
005 - DATE AND TIME OF LATEST TRANSACTION
control field 20260329023244.0
041 ## - LANGUAGE CODE
Language code of text/sound track or separate title fre
042 ## - AUTHENTICATION CODE
Authentication code dc
100 10 - MAIN ENTRY--PERSONAL NAME
Personal name Scheinfeigel, Maxime
Relator term author
245 00 - TITLE STATEMENT
Title Cinéma et magie
260 ## - PUBLICATION, DISTRIBUTION, ETC.
Name of publisher, distributor, etc. Armand Colin,<br/>
Date of publication, distribution, etc. 2008.<br/>
520 ## - SUMMARY, ETC.
Summary, etc. La magie, c’est les tours de passe-passe des champs de foire et les numéros de music-hall, mais d’abord c’est la « pensée magique ». Venue de loin et secrète, elle reste parmi nous comme une « science » des mystères : le désir y est plus fort que les contraintes du réel. Or le cinéma a été et reste proche de la magie sur ces deux registres, et il en tire une grande partie de sa puissance et de son « évidence » culturelles. Ce livre propose une exploration magistrale de ces profondeurs méconnues. Bien au-delà des liens qui unissent avec Méliès le septième art naissant et la prestidigitation, la magie, entre effets spéciaux et création de personnages (vampires, femmes panthères,...), ne cesse d’occuper cette toile où viennent nous piéger, pour notre plus grand délice, ces modes de pensée dits « archaïques » auxquels nous sommes supposés avoir renoncé. Cette empreinte du magique qui colore passé et présent du cinéma, d’Epstein, Murnau, Dreyer, Welles et Cocteau à Resnais, Oshii, Lynch, Chabrol, Van Sant, ou Weerasethakul, en oriente aussi l’avenir, avec toutes les ressources offertes par les évolutions technologiques. Maxime SCHEINFEIGEL, est professeure à l’Université Paul Valéry Montpellier 3.
856 41 - ELECTRONIC LOCATION AND ACCESS
Uniform Resource Identifier <a href="https://shs.cairn.info/cinema-et-magie--9782200355586?lang=fr&redirect-ssocas=7080">https://shs.cairn.info/cinema-et-magie--9782200355586?lang=fr&redirect-ssocas=7080</a>

Pas d'exemplaire disponible.

PLUDOC

PLUDOC est la plateforme unique et centralisée de gestion des bibliothèques physiques et numériques de Guinée administré par le CEDUST. Elle est la plus grande base de données de ressources documentaires pour les Étudiants, Enseignants chercheurs et Chercheurs de Guinée.

Adresse

627 919 101/664 919 101

25 boulevard du commerce
Kaloum, Conakry, Guinée

Réseaux sociaux

Powered by Netsen Group @ 2025